50 Marvel Villains by Picture #1 - Statistics

General Stats
  • This quiz has been taken 425 times
  • The average score is 37 of 50
Answer Stats
Picture Answer % Correct
Thanos
100%
Loki Laufeyson
99%
Venom (Eddie Brock)
99%
Green Goblin (Norman Osborn)
98%
Red Skull (Johann Schmidt)
97%
Doctor Doom (Victor von Doom)
96%
Sandman (Flint Marko)
95%
Doctor Octopus (Otto Octavius)
94%
Magneto (Max Eisenhardt)
94%
Mysterio (Quentin Beck)
91%
Rhino (Aleksei Sytsevich)
91%
Galactus (Galan)
90%
Lizard (Curtis Connors)
90%
Ultron
90%
Electro (Max Dillon)
88%
Kingpin (Wilson Fisk)
88%
Juggernaut (Cain Marko)
85%
Mystique (Raven Darkhölme)
85%
Kang the Conqueror (Nathaniel Richards)
84%
Vulture (Adriana Toomes)
84%
Kraven the Hunter (Sergei Kravinoff)
82%
M.O.D.O.K. (George Tarleton)
81%
Black Cat (Felicia Hardy)
78%
Scorpion (Mac Gargan)
78%
Abomination (Emil Blonsky)
77%
Baron Heinrich Zemo
73%
Baron Helmut Zemo
73%
Dark Phoenix (Jean Grey)
73%
Bullseye (Lester)
71%
Whiplash (Ivan Vanko)
71%
Sabertooth (Victor Creed)
70%
Blob (Frederick Dukes)
67%
Leader (Samuel Sterns)
63%
Shocker (Herman Schultz)
62%
Enchantress (Amora)
61%
Toad (Mortimer Toynbee)
59%
Mandarin (Xu Wenwu)
57%
Pyro (St. John Allerdyce)
57%
the Destroyer
57%
Chameleon (Dmitri Smerdyakov)
56%
Sentinels/Master Mold
55%
Super-Skrull (Kl'rt)
53%
Absorbing Man (Carl "Crusher" Creel)
52%
Arnim Zola
52%
Executioner (Skurge)
50%
Mole Man (Harvey Elder)
49%
Ronan the Accuser
42%
Annihilus
41%
Tinkerer (Phineas Mason)
41%
Crimson Dynamo (Anton Vanko)
35%
No matching quizzes found
Score Distribution
Percent of People with Each Score
Percentile by Number Answered
Your Score History
You have not taken this quiz